Statistiques concernant 40 Catcheuses par photos

Cliquez ici pour prendre le quiz!

Statistiques générales

  • Ce quiz a été pris 215 fois
  • Le résultat moyen est 18 sur 40

Statistiques - réponses

Réponse% Correct
Charlotte Flair
96%
Becky Lynch
94%
Brie Bella
93%
Nikki Bella
93%
Asuka
91%
Paige
90%
Sasha Banks
90%
Alexa Bliss
88%
Bayley
85%
Natalya
84%
Ronda Rousey
83%
Beth Phoenix
82%
Lita
75%
Mickie James
72%
Trish Stratus
65%
Chyna
64%
Michelle McCool
63%
Kairi Sane
50%
Shayna Baszler
49%
Mae Young
42%
Alundra Blayze
34%
Amazing Kong
33%
Io Shirai
33%
Jacqueline
30%
Gail Kim
27%
Tara
27%
The Fabulous Moolah
22%
Jazz
15%
Aja Kong
14%
Tessa Blanchard
13%
Bull Nakano
6%
Wendi Richter
6%
Manami Toyota
5%
Mildred Burke
3%
Akira Hokuto
2%
Dynamite Kansai
2%
Kyoko Inoue
2%
Lioness Asuka
2%
Monster Ripper
2%
Jaguar Yokota
1%

Distribution des résultats

Percentile par nombre de réponses

% des personnes avec chaque résultat

Votre développement - résultats

Vous n’avez pas pris ce quiz